<?xml version="1.0" encoding="UTF-8"?>
<record
    xmlns:xsi="http://www.w3.org/2001/XMLSchema-instance"
    xsi:schemaLocation="http://www.loc.gov/MARC21/slim http://www.loc.gov/standards/marcxml/schema/MARC21slim.xsd"
    xmlns="http://www.loc.gov/MARC21/slim">

  <leader>02832nam a2200361 i 4500</leader>
  <controlfield tag="001">9806237</controlfield>
  <controlfield tag="003">CaAEU</controlfield>
  <controlfield tag="005">20250617083752.0</controlfield>
  <controlfield tag="006">m     o  d        </controlfield>
  <controlfield tag="007">cr|cn|||||||||</controlfield>
  <controlfield tag="008">211114t20212021enka    ob    001 0 eng d</controlfield>
  <datafield tag="020" ind1=" " ind2=" ">
    <subfield code="a">9780198857457</subfield>
  </datafield>
  <datafield tag="035" ind1=" " ind2=" ">
    <subfield code="a">on1280068779</subfield>
  </datafield>
  <datafield tag="037" ind1=" " ind2=" ">
    <subfield code="a">6687642</subfield>
    <subfield code="b">Proquest Ebook Central</subfield>
  </datafield>
  <datafield tag="039" ind1=" " ind2=" ">
    <subfield code="a">exclude</subfield>
  </datafield>
  <datafield tag="040" ind1=" " ind2=" ">
    <subfield code="a">CaONFJC</subfield>
    <subfield code="b">eng</subfield>
    <subfield code="e">rda</subfield>
    <subfield code="c">CaONFJC</subfield>
    <subfield code="d">AEU</subfield>
  </datafield>
  <datafield tag="041" ind1=" " ind2=" ">
    <subfield code="a">English</subfield>
  </datafield>
  <datafield tag="050" ind1="1" ind2="4">
    <subfield code="a">HM831</subfield>
    <subfield code="b">.R39 2021eb</subfield>
  </datafield>
  <datafield tag="100" ind1=" " ind2=" ">
    <subfield code="a">Rayner, Cynthia,</subfield>
    <subfield code="e">author.</subfield>
    <subfield code="9">25483</subfield>
  </datafield>
  <datafield tag="245" ind1="1" ind2="4">
    <subfield code="a">The systems work of social change </subfield>
    <subfield code="b">: how to harness connection, context, and power to cultivate deep and enduring change </subfield>
    <subfield code="c">/ Cynthia Rayner and Fran&#xE7;ois Bonnici.</subfield>
  </datafield>
  <datafield tag="250" ind1=" " ind2=" ">
    <subfield code="a">First edition.</subfield>
  </datafield>
  <datafield tag="264" ind1=" " ind2="1">
    <subfield code="a">Oxford, United Kingdom :</subfield>
    <subfield code="b">Oxford University Press,</subfield>
    <subfield code="c">2021.</subfield>
  </datafield>
  <datafield tag="264" ind1=" " ind2="4">
    <subfield code="c">&#xA9;2021</subfield>
  </datafield>
  <datafield tag="300" ind1=" " ind2=" ">
    <subfield code="a">xxxviii, 254 pages :</subfield>
    <subfield code="b">illustrations</subfield>
  </datafield>
  <datafield tag="504" ind1=" " ind2=" ">
    <subfield code="a">Includes bibliographical references and index.</subfield>
  </datafield>
  <datafield tag="505" ind1=" " ind2=" ">
    <subfield code="a">Introduction: Working in Systems &#x2014;
Part I. Principles of Systems Work &#x2014;
An Industry of Social Change &#x2014;
Complexity, Scale, and Depth &#x2014;
Connection, Context, and Power &#x2014;
Part II. Practices of Systems Work &#x2014;
Cultivating Collectives &#x2014;
Equipping Problem-Solvers &#x2014;
Promoting Platforms &#x2014;
Disrupting Policies and Patterns &#x2014;
Reimagining the Future &#x2014;
Measuring for Learning &#x2014;
Funding for Partnership &#x2014;
The Principles in Action &#x2014;
Appendix: Case Studies: Organisational Practices and Tactics of Systems Work.</subfield>
  </datafield>
  <datafield tag="506" ind1=" " ind2=" ">
    <subfield code="a">Access restricted to authorized users and institutions.</subfield>
  </datafield>
  <datafield tag="520" ind1=" " ind2=" ">
    <subfield code="a">The issues of poverty, inequality, racial justice, and climate change have never been more pressing or paralyzing. Current approaches to social change, which rely on industrial models of production and power to "solve" social problems, are not helping. In fact, they are designed to entrench the status quo. In The Systems Work of Social Change, Cynthia Rayner and Fran&#xE7;ois Bonnici draw on two hundred years of history and a treasure trove of stories of committed social changemakers to uncover principles and practices for social change that radically depart from these approaches.

Rather than delivering "solutions," these principles and practices focus on the process of change itself. Through rich storytelling and lucid analysis, Rayner and Bonnici show that connection, context, and power sit at the heart of the change process, ensuring broader agency for people and communities to create social systems that are responsive and representative in a rapidly changing world. Simple yet profound, this book distills a timely set of lessons for practitioners, leaders, scholars, and policymakers.</subfield>
  </datafield>
  <datafield tag="650" ind1=" " ind2="0">
    <subfield code="a">Social change</subfield>
    <subfield code="9">9235</subfield>
  </datafield>
  <datafield tag="650" ind1=" " ind2="0">
    <subfield code="a">Social justice</subfield>
    <subfield code="9">22682</subfield>
  </datafield>
  <datafield tag="700" ind1=" " ind2=" ">
    <subfield code="a">Bonnici, Fran&#xE7;ois,</subfield>
    <subfield code="e">author.</subfield>
    <subfield code="9">25484</subfield>
  </datafield>
  <datafield tag="942" ind1=" " ind2=" ">
    <subfield code="2">lcc</subfield>
  </datafield>
  <datafield tag="952" ind1=" " ind2=" ">
    <subfield code="0">0</subfield>
    <subfield code="1">0</subfield>
    <subfield code="2">lcc</subfield>
    <subfield code="4">0</subfield>
    <subfield code="7">0</subfield>
    <subfield code="a">TBS</subfield>
    <subfield code="b">TBS</subfield>
    <subfield code="d">2025-06-17</subfield>
    <subfield code="l">0</subfield>
    <subfield code="o">HM831 RAY</subfield>
    <subfield code="p">B07561</subfield>
    <subfield code="r">2025-06-17</subfield>
    <subfield code="t">1</subfield>
    <subfield code="w">2025-06-17</subfield>
    <subfield code="y">1</subfield>
  </datafield>
  <datafield tag="999" ind1=" " ind2=" ">
    <subfield code="c">4755</subfield>
    <subfield code="d">4755</subfield>
  </datafield>
</record>
